Pokémon - Statistiques (5) - Statistiques

Statistiques générales
  • Ce quiz a été pris 46 fois
  • Le résultat moyen est 20 sur 30
Statistiques - réponses
Question Tuile Select % Correct
Quel Pokémon possède la statistique de base en PV la plus élevée ? Non
91%
Quel Pokémon possède la statistique de base en Attaque Spéciale la plus élevée ? Non
87%
Quel Pokémon possède la statistique de base en Défense la plus élevée ? Non
84%
Quel Pokémon possède la statistique de base en Attaque Spéciale la plus élevée ? Non
84%
Quel Pokémon possède la statistique de base en Attaque la plus élevée ? Non
84%
Quel Pokémon possède la statistique de base en PV la plus élevée ? Non
84%
Quel Pokémon possède la statistique de base en Défense la plus élevée ? Non
82%
Quel Pokémon possède la statistique de base en Défense Spéciale la plus élevée ? Non
82%
Quel Pokémon possède la statistique de base en PV la plus élevée ? Non
82%
Quel Pokémon possède la statistique de base en PV la plus élevée ? Non
82%
Quel Pokémon possède la statistique de base en Attaque Spéciale la plus élevée ? Oui
78%
Quel Pokémon possède la statistique de base en Défense Spéciale la plus élevée ? Non
78%
Quel Pokémon possède la statistique de base en Attaque la plus élevée ? Non
78%
Quel Pokémon possède la statistique de base en Vitesse la plus élevée ? Non
76%
Quel Pokémon possède la statistique de base en PV la plus élevée ? Non
73%
Quel Pokémon possède la statistique de base en Défense Spéciale la plus élevée ? Non
71%
Quel Pokémon possède la statistique de base en PV la plus élevée ? Oui
71%
Quel Pokémon possède la statistique de base en Attaque la plus élevée ? Non
71%
Quel Pokémon possède la statistique de base en Défense la plus élevée ? Oui
69%
Quel Pokémon possède la statistique de base en PV la plus élevée ? Oui
69%
Quel Pokémon possède la statistique de base en Défense Spéciale la plus élevée ? Oui
53%
Quel Pokémon possède la statistique de base en Vitesse la plus élevée ? Non
53%
Quel Pokémon possède la statistique de base en Attaque la plus élevée ? Oui
53%
Quel Pokémon possède la statistique de base en Attaque la plus élevée ? Non
49%
Quel Pokémon possède la statistique de base en PV la plus élevée ? Non
44%
Quel Pokémon possède la statistique de base en Attaque la plus élevée ? Oui
42%
Quel Pokémon possède la statistique de base en Défense Spéciale la plus élevée ? Non
40%
Quel Pokémon possède la statistique de base en Vitesse la plus élevée ? Oui
33%
Quel Pokémon possède la statistique de base en PV la plus élevée ? Oui
31%
Quel Pokémon possède la statistique de base en Défense Spéciale la plus élevée ? Oui
24%
Aucun quiz correspondant
Distribution des résultats
% des personnes avec chaque résultat
Percentile par nombre de réponses
Votre historique - résultats
Vous n’avez pas pris ce quiz